Diagnóstico por imágenes para alumnos y médicos residentes / (Registro nro. 2248)

Detalles MARC
000 -LEADER
fixed length control field 01352nam a2200373 a 4500
005 - FECHA ULTIMA MODIFICACION
control field 20240325131452.0
008 - CAMPO DE CONTROL (LIBRO)
fixed length control field 100916t1999||||ag a f |||| 001 0 spa d
020 ## - INTERNATIONAL STANDARD BOOK NUMBER
ISBN 9509539384
041 ## - CODIGO DE IDIOMA
Código de idioma del texto/pista de sonido o título separado spa
092 ## - SIGNATURA TOPOGRAFICA DEWEY LOCAL
número de clasificación 616.0757
libristica 16
sección DIA
245 ## - TITULO PROPIAMENTE DICHO
Título Diagnóstico por imágenes para alumnos y médicos residentes /
Mención de responsabilidad y remanente de la transcripción de la portada Francisco A. Eleta
250 ## - MENCION DE EDICION
Mención de edición 1a ed.
260 ## - PIE DE IMPRENTA
Lugar de publicación, distribución, etc Buenos Aires:
Nombre de la editorial, distribuidor, etc Temis Lostalo;
Fecha de publicación 1999.
300 ## - DESCRIPCION FISICA
Extension 180 p.
Otros detalles físicos il.
500 ## - NOTA GENERAL
Nota general Eleta, F. A. et al. (1999). Diagnóstico por imágenes para alumnos y médicos residentes. (1a ed.). Buenos Aires : Temis Lostalo.
653 ## - TÉRMINO INDIZADO - PALABRAS CLAVES
Palabra clave Metodos de diagnóstico por imágenes
653 ## - TÉRMINO INDIZADO - PALABRAS CLAVES
Palabra clave Sistema respiratorio, diafragma y mediastino
653 ## - TÉRMINO INDIZADO - PALABRAS CLAVES
Palabra clave Corazón y sistema circulatorio
653 ## - TÉRMINO INDIZADO - PALABRAS CLAVES
Palabra clave Abdomen en general y sistema digestivo
653 ## - TÉRMINO INDIZADO - PALABRAS CLAVES
Palabra clave Sistema genitourinario
653 ## - TÉRMINO INDIZADO - PALABRAS CLAVES
Palabra clave Sistema ginecológico y obstetricia
653 ## - TÉRMINO INDIZADO - PALABRAS CLAVES
Palabra clave Sistema musculoesqueletico
653 ## - TÉRMINO INDIZADO - PALABRAS CLAVES
Palabra clave Cabeza ósea
653 ## - TÉRMINO INDIZADO - PALABRAS CLAVES
Palabra clave Sistema nervioso central
653 ## - TÉRMINO INDIZADO - PALABRAS CLAVES
Palabra clave Radiología intervencionista
700 1# - ENTRADAS SECUNDARIAS - NOMBRE PERSONAL
Nombre personal Eleta, Francisco A.
9 (RLIN) 802
700 1# - ENTRADAS SECUNDARIAS - NOMBRE PERSONAL
Nombre personal Velán, Osvaldo.
9 (RLIN) 803
700 1# - ENTRADAS SECUNDARIAS - NOMBRE PERSONAL
Nombre personal San Román, José Luís.
9 (RLIN) 804
700 1# - ENTRADAS SECUNDARIAS - NOMBRE PERSONAL
Nombre personal Blejman, Oscar.
9 (RLIN) 805
700 1# - ENTRADAS SECUNDARIAS - NOMBRE PERSONAL
Nombre personal Rasumoff, Alejandro
9 (RLIN) 1476
700 1# - ENTRADAS SECUNDARIAS - NOMBRE PERSONAL
Nombre personal Farías, Patricia
9 (RLIN) 1474
700 1# - ENTRADAS SECUNDARIAS - NOMBRE PERSONAL
Nombre personal García Mónaco, Ricardo
9 (RLIN) 1477
942 ## - ADDED ENTRY ELEMENTS (KOHA)
Source of classification or shelving scheme Dewey Decimal Classification
Item type Libros
Existencias
Estado de retiro Existencia Fuente de clasificación Estado general No para prestamo Ubicación permanente ubicación actual Sala de ubicación Fecha de adquisición Fuente de adquisición Total Checkouts Número de clasificación Código de barras Date last seen Número de ejemplar Price effective from Koha tipo de elemento (item) Public note
    Dewey Decimal Classification     Biblioteca Medicina Biblioteca Medicina Circulación 23/03/2016 Donación Dr. G. Zenon Beguelin marzo 2016   616.0757 16 DIA 3647 23/03/2016 Ej.1 23/03/2016 Libros Donación Dr. G. Zenon Beguelin marzo 2016

UNIVERSIDAD NACIONAL DEL COMAHUE
Biblioteca de la Facultad de Ciencias Médicas
Sede Toschi: Los Arrayanes y Av. Toschi, Cipolletti  - Rio Negro
Sede Los Tordos:  Yrigoyen al 2211, Cipolletti - Rio Negro 

Teléfono: 0299 - 4774707 int 25
Contacto: biblioteca@facimed.uncoma.edu.ar
© 2011 - 2026